000 00481nam a22001577a 4500
005 20231128132419.0
008 231128b |||||||| |||| 00| 0 eng d
041 _aEnglish
082 _a340.1 LEG
100 _aFaris, JA
_lEnglish
245 _aLegal Negotiation : Principles, Strategy, Strategy Selection 16 September 1999 /
_cJA Faris
260 _c1999
300 _b25 pages ;
_c30,3 cm.
650 _aLegal practice
_bLaw
942 _cBK
_6ALISON_BN_VRIES
999 _c1016
_d1016